[Event "Jacques Jaudran mem-B corr"]
[Site "France AJEC"]
[Date "2004.01.15"]
[Round "?"]
[White "Armand, Loick"]
[Black "Josquin, Cyrille"]
[Result "0-1"]
[WhiteElo "1800"]
[BlackElo "1800"]
[PlyCount "46"]
[EventDate "2004.??.??"]
[EventType "tourn (corr)"]
[EventRounds "14"]
[EventCountry "FRA"]
[SourceTitle "Corr 2011"]
[Source "ChessBase"]
[SourceDate "2010.08.31"]
[SourceVersion "1"]
[SourceVersionDate "2010.08.31"]
[SourceQuality "1"]

1. e4 e5 2. Nf3 Nf6 3. Bc4 Nxe4 4. d3 Nf6 5. Nxe5 d5 6. Qe2 Bb4+ 7. Bd2 Bxd2+ 8. Kxd2 0-0 9. Bb3 Re8 10. f4 Ng4 11. d4 Nc6 12. c3 f6 13. h3 Nh6 14. Qh5 fxe5 15. Bxd5+ Be6 16. Bxc6 bxc6 17. fxe5 c5 18. Na3 cxd4 19. Nc2 Bf7 20. Qf3 Qg5+ 21. Kd1 Bh5 22. g4 Nxg4 23. Qd5+ Kh8 0-1

[Event "Jacques Jaudran mem-B corr"]
[Site "France AJEC"]
[Date "2004.01.15"]
[Round "?"]
[White "Boulet, Bernard"]
[Black "Josquin, Cyrille"]
[Result "1/2-1/2"]
[WhiteElo "1800"]
[BlackElo "1800"]
[PlyCount "107"]
[EventDate "2004.??.??"]
[EventType "tourn (corr)"]
[EventRounds "14"]
[EventCountry "FRA"]
[SourceTitle "Corr 2011"]
[Source "ChessBase"]
[SourceDate "2010.08.31"]
[SourceVersion "1"]
[SourceVersionDate "2010.08.31"]
[SourceQuality "1"]

1. e4 e5 2. Nf3 Nf6 3. Nxe5 d6 4. Nf3 Nxe4 5. d4 d5 6. Bd3 Bd6 7. 0-0 0-0 8. c4 c6 9. Re1 Bf5 10. Qc2 Na6 11. a3 Bg6 12. c5 Bc7 13. Nbd2 Ng5 14. b4 Bxd3 15. Qxd3 Ne6 16. Nf1 Qf6 17. Ra2 Nb8 18. Ne3 Nf4 19. Qf5 Qg6 20. Qxg6 hxg6 21. g3 Ne6 22. Rae2 b6 23. Nc2 a5 24. Ng5 Nxg5 25. Bxg5 Na6 26. Bd2 axb4 27. axb4 Rfb8 28. h4 Kf8 29. Kg2 b5 30. Re3 Re8 31. Ra3 Ra7 32. Rea1 Rea8 33. Ne1 Ke8 34. Nd3 Kd7 35. Bg5 Kc8 36. Be7 Kb7 37. Bd6 Bd8 38. Be5 Bf6 39. Bxf6 gxf6 40. g4 Rh8 41. Kg3 Re8 42. h5 Rh8 43. Kh4 Raa8 44. f4 Nc7 45. Rxa8 Nxa8 46. Re1 Nc7 47. Re7 Rh7 48. f5 g5+ 49. Kg3 Kc8 50. Kf3 Kd8 51. Re1 Kd7 52. Ra1 Rh8 53. Ra7 Re8 54. Ra3 1/2-1/2

[Event "Jacques Jaudran mem-B corr"]
[Site "France AJEC"]
[Date "2004.01.15"]
[Round "?"]
[White "Fleury, Francois"]
[Black "Josquin, Cyrille"]
[Result "0-1"]
[WhiteElo "1800"]
[BlackElo "1800"]
[PlyCount "56"]
[EventDate "2004.??.??"]
[EventType "tourn (corr)"]
[EventRounds "14"]
[EventCountry "FRA"]
[SourceTitle "Corr 2011"]
[Source "ChessBase"]
[SourceDate "2010.08.31"]
[SourceVersion "1"]
[SourceVersionDate "2010.08.31"]
[SourceQuality "1"]

1. d4 Nf6 2. Nf3 e6 3. Bg5 c5 4. Nc3 cxd4 5. Qxd4 Nc6 6. Qh4 Bb4 7. e4 Bxc3+ 8. bxc3 h6 9. Rd1 Rg8 10. Be3 e5 11. Bc4 d6 12. Nd2 Qc7 13. Qg3 Na5 14. Bb5+ Bd7 15. c4 Bxb5 16. cxb5 a6 17. bxa6 Rxa6 18. 0-0 Nc4 19. Nxc4 Qxc4 20. f3 g5 21. Rb1 b5 22. Qe1 Rxa2 23. Rb4 Qc6 24. c4 g4 25. Rxb5 gxf3 26. Rb8+ Kd7 27. Rxg8 Nxg8 28. Qg3 Rxg2+ 0-1

[Event "Jacques Jaudran mem-B corr"]
[Site "France AJEC"]
[Date "2004.01.15"]
[Round "?"]
[White "Josquin, Cyrille"]
[Black "Fleury, Francois"]
[Result "0-1"]
[WhiteElo "1800"]
[BlackElo "1800"]
[PlyCount "102"]
[EventDate "2004.??.??"]
[EventType "tourn (corr)"]
[EventRounds "14"]
[EventCountry "FRA"]
[SourceTitle "Corr 2011"]
[Source "ChessBase"]
[SourceDate "2010.08.31"]
[SourceVersion "1"]
[SourceVersionDate "2010.08.31"]
[SourceQuality "1"]

1. d4 d5 2. c4 dxc4 3. Nf3 Nf6 4. e3 c5 5. Bxc4 cxd4 6. exd4 e6 7. 0-0 a6 8. Nc3 b5 9. Bb3 Bb7 10. Qe2 Be7 11. Bg5 0-0 12. Rfe1 b4 13. Na4 Nbd7 14. Ne5 Nxe5 15. dxe5 Nd7 16. Bxe7 Qxe7 17. Rad1 Nc5 18. Nxc5 Qxc5 19. Rd6 Rfd8 20. Qe3 Qxe3 21. Rxe3 Rxd6 22. exd6 Kf8 23. f4 Rd8 24. Rd3 Be4 25. Rd1 Bc6 26. g3 a5 27. Kf2 Ke8 28. Ke3 Kd7 29. Rd2 Rb8 30. h4 Rb5 31. Ba4 Rc5 32. Bb3 Bd5 33. Bd1 Kxd6 34. a3 bxa3 35. bxa3 Rc3+ 36. Rd3 Rxd3+ 37. Kxd3 Kc5 38. g4 f6 39. g5 h6 40. Bg4 Ba2 41. Bh3 hxg5 42. hxg5 fxg5 43. fxg5 Kb5 44. Kc3 e5 45. Bf5 Kc5 46. Bc2 Bc4 47. Bg6 Bb5 48. Bf7 e4 49. Bb3 e3 50. g6 Kd6 51. a4 Ba6 0-1

[Event "Jacques Jaudran mem-B corr"]
[Site "France AJEC"]
[Date "2004.01.15"]
[Round "?"]
[White "Josquin, Cyrille"]
[Black "Moutardier, Dominique"]
[Result "1/2-1/2"]
[WhiteElo "1800"]
[BlackElo "2272"]
[PlyCount "92"]
[EventDate "2004.??.??"]
[EventType "tourn (corr)"]
[EventRounds "14"]
[EventCountry "FRA"]
[SourceTitle "Corr 2011"]
[Source "ChessBase"]
[SourceDate "2010.08.31"]
[SourceVersion "1"]
[SourceVersionDate "2010.08.31"]
[SourceQuality "1"]

1. d4 Nf6 2. c4 e6 3. Nc3 c5 4. d5 exd5 5. cxd5 d6 6. e4 g6 7. Bf4 a6 8. Bd3 b5 9. Nf3 Bg7 10. 0-0 0-0 11. Rc1 Qe7 12. Re1 c4 13. Bb1 Nbd7 14. a4 Ne5 15. axb5 Bg4 16. Bxe5 dxe5 17. h3 Bxf3 18. Qxf3 Bh6 19. Rc2 axb5 20. Nxb5 Qb4 21. Nc3 Ne8 22. Qe2 Ra1 23. Na2 Qa5 24. Rxc4 Bd2 25. Rd1 Rxb1 26. Rxb1 Qxa2 27. Rd1 Nd6 28. Rc6 Bb4 29. Ra6 Qb3 30. Rc1 Rb8 31. Rcc6 Nb5 32. Qc2 Qxc2 33. Rxc2 Be7 34. Rcc6 Kg7 35. b4 Bd8 36. Kf1 Nd4 37. Rc4 Bg5 38. Ra4 Rb7 39. f3 h5 40. Kf2 h4 41. Ke1 Kf6 42. Kd1 Ke7 43. Rc8 Kd7 44. Rf8 Ke7 45. Rfa8 Nb5 46. Rc8 Kd7 1/2-1/2

[Event "Jacques Jaudran mem-B corr"]
[Site "France AJEC"]
[Date "2004.01.15"]
[Round "?"]
[White "Picard, Jean"]
[Black "Josquin, Cyrille"]
[Result "0-1"]
[WhiteElo "1800"]
[BlackElo "1800"]
[PlyCount "190"]
[EventDate "2004.??.??"]
[EventType "tourn (corr)"]
[EventRounds "14"]
[EventCountry "FRA"]
[SourceTitle "Corr 2011"]
[Source "ChessBase"]
[SourceDate "2010.08.31"]
[SourceVersion "1"]
[SourceVersionDate "2010.08.31"]
[SourceQuality "1"]

1. d4 Nf6 2. c4 d6 3. Nc3 g6 4. e4 Bg7 5. Nf3 0-0 6. Be2 e5 7. Be3 exd4 8. Nxd4 Re8 9. f3 c6 10. Qd2 d5 11. exd5 cxd5 12. 0-0 dxc4 13. Bxc4 Nc6 14. Rad1 a6 15. Nxc6 Qxd2 16. Rxd2 bxc6 17. Bf2 Be6 18. Bxe6 Rxe6 19. Rfd1 h5 20. b3 Bf8 21. Rd8 Rxd8 22. Rxd8 Re8 23. Rxe8 Nxe8 24. Ne4 f5 25. Nc5 Bxc5 26. Bxc5 Kf7 27. Kf2 Ke6 28. Ke3 Kd5 29. Be7 Nc7 30. g3 c5 31. Kd3 Nb5 32. Bf6 Nd6 33. Ke3 Ne8 34. Bb2 Nc7 35. Kd3 Ne6 36. Bf6 g5 37. Kc3 g4 38. f4 Nc7 39. Kd3 Nb5 40. Be5 Na7 41. Kc3 Nc6 42. Bf6 Nb4 43. a3 Nc6 44. b4 cxb4+ 45. axb4 a5 46. b5 Na7 47. b6 Nb5+ 48. Kd3 Kc6 49. Kc4 a4 50. Bd8 a3 51. Kb3 Nd4+ 52. Ka2 Ne6 53. Bf6 Kxb6 54. Kxa3 Kc5 55. Kb3 Nd4+ 56. Kc3 Nf3 57. Kd3 Kd6 58. Ke3 Ke6 59. Bd8 Nxh2 60. Kd4 Nf3+ 61. Kd3 Kd6 62. Bf6 Kd5 63. Ke3 Kc4 64. Ke2 Nd4+ 65. Ke3 Nb5 66. Kd2 Nd6 67. Bh4 Ne4+ 68. Ke2 Kd4 69. Kf1 Ke3 70. Kg2 Ke2 71. Bd8 Nc3 72. Bc7 Nd5 73. Bd6 Ne3+ 74. Kg1 Kf3 75. Bc5 Nc4 76. Bf2 Nd2 77. Be1 Ne4 78. Kh2 Ke2 79. Ba5 Kf1 80. Bd8 Nd2 81. Kh1 Nf3 82. Bf6 h4 83. Bxh4 Nxh4 84. Kh2 Nf3+ 85. Kh1 Ne1 86. Kh2 Kf2 87. Kh1 Kxg3 88. Kg1 Kf3 89. Kf1 Nd3 90. Kg1 g3 91. Kf1 g2+ 92. Kg1 Nxf4 93. Kh2 Ne2 94. Kh3 g1Q 95. Kh4 Qg4# 0-1

[Event "Jacques Jaudran mem sf3 corr"]
[Site "France AJEC"]
[Date "2002.06.15"]
[Round "?"]
[White "Josquin, Cyrille"]
[Black "Schrader, Edmond"]
[Result "1/2-1/2"]
[WhiteElo "2119"]
[BlackElo "2206"]
[PlyCount "57"]
[EventDate "2002.06.15"]
[EventType "tourn (corr)"]
[EventRounds "10"]
[EventCountry "FRA"]
[SourceTitle "Corr 2004"]
[Source "ChessBase"]
[SourceDate "2003.04.28"]
[SourceVersion "3"]
[SourceVersionDate "2003.04.28"]
[SourceQuality "1"]

1. d4 Nf6 2. c4 g6 3. Nc3 d5 4. cxd5 Nxd5 5. e4 Nxc3 6. bxc3 Bg7 7. Nf3 c5 8. Rb1 0-0 9. Be2 b6 10. 0-0 Bb7 11. Qd3 Ba6 12. Qe3 cxd4 13. cxd4 Qd7 14. Ba3 Bxe2 15. Qxe2 Re8 16. Rfc1 e6 17. Qc4 Qb7 18. d5 exd5 19. exd5 Nd7 20. Qc6 Qxc6 21. dxc6 Ne5 22. Nxe5 Bxe5 23. g3 Rac8 24. f4 Bd4+ 25. Kf1 Be3 26. Rc3 Bd4 27. Rd3 Bc5 28. Bxc5 bxc5 29. Rd7 1/2-1/2

[Event "Jacques Jaudran mem sf3 corr"]
[Site "France AJEC"]
[Date "2002.06.15"]
[Round "?"]
[White "Quiniou, Jean"]
[Black "Josquin, Cyrille"]
[Result "0-1"]
[WhiteElo "2166"]
[BlackElo "2119"]
[PlyCount "94"]
[EventDate "2002.06.15"]
[EventType "tourn (corr)"]
[EventRounds "10"]
[EventCountry "FRA"]
[SourceTitle "Corr 2011"]
[Source "ChessBase"]
[SourceDate "2010.08.31"]
[SourceVersion "1"]
[SourceVersionDate "2010.08.31"]
[SourceQuality "1"]

1. d4 Nf6 2. c4 d6 3. Nf3 g6 4. Nc3 Bg7 5. g3 0-0 6. Bg2 Nc6 7. 0-0 e5 8. d5 Ne7 9. e4 Ne8 10. Ne1 c5 11. Nd3 f5 12. f4 exf4 13. Bxf4 fxe4 14. Nxe4 b5 15. cxb5 c4 16. Ndf2 Bxb2 17. Rb1 Bg7 18. Qe2 Qc7 19. Ng5 c3 20. Rbc1 Nf5 21. Ne6 Bxe6 22. dxe6 Rc8 23. Bd5 Ne7 24. Bb3 Qb7 25. Rfd1 d5 26. Bg5 d4 27. Qe4 Rc7 28. Bf4 Qxe4 29. Nxe4 Rc8 30. a4 h6 31. h4 Kh7 32. Kg2 Nf5 33. Kh3 Nf6 34. Nxf6+ Bxf6 35. h5 Ne7 36. hxg6+ Nxg6 37. Bc2 Rfe8 38. Rf1 Rxe6 39. Bf5 Rce8 40. Bxe6 Nxf4+ 41. gxf4 Rxe6 42. Rf3 h5 43. Kg2 Re2+ 44. Rf2 Re7 45. Rf3 Kg6 46. f5+ Kf7 47. Rc2 Re5 0-1